Diaľnica neverbálnej komunikácie

Úvodný článok k téme efektívnej komunikácie. Nenahraditeľnosť osobného kontaktu v medziľudských vzťahoch aj napriek veľkému technickému pokroku. Komunikácia v priamom interpersonálnom styku. Verbálna a neverbálna komunikácia.

Guardado en:
Detalles Bibliográficos
Autor principal: Zabák, K.
Formato: Capítulo de libro
Lenguaje:eslovaco
Materias:
Etiquetas: Agregar Etiqueta
Sin Etiquetas, Sea el primero en etiquetar este registro!

MARC

LEADER 00000naa a2200000 4500
001 r025922
005 20230824090312.0
041 0 |a slo 
044 |a SK 
245 1 0 |a Diaľnica neverbálnej komunikácie  |c K. Zabák 
520 |a Úvodný článok k téme efektívnej komunikácie. Nenahraditeľnosť osobného kontaktu v medziľudských vzťahoch aj napriek veľkému technickému pokroku. Komunikácia v priamom interpersonálnom styku. Verbálna a neverbálna komunikácia. 
610 2 0 |a kariéra 
610 2 0 |a vzťahy medziľudské 
610 2 0 |a komunikácia neverbálna 
610 2 0 |a komunikácia interpersonálna 
100 1 |a Zabák, K.